000 00903nam a2200265 a 4500
999 _c2485
_d2485
008 200319s2014 ii ad||g m|||a00| 0 eng d
040 _aKO
_beng
041 0 _aeng
044 _aii
082 0 4 _223
_a378.242
_bIRM1317
100 1 _aKumar, Vishnu S.
_eResearcher
245 2 0 _aA Study on Export Procedure and Container Handling Operations in DP World /
_cVishnu S. Kumar ; Guide Dr. Jayan P. A.
260 _aKochi :
_bIndian Maritime University,
_c2014
300 _a66 p. :
_bill., charts ;
_c29 cm.
490 0 _aMBA Internship 2013-15 ;
_v13500082018
502 _aInternship (MBA)–Indian Maritime University. School of Maritime Management, 2014.
610 2 0 _aDP World, Cochin
650 0 _aExport controls
650 0 _aContainer terminals
655 7 _2lcsh
_aDissertations, Academic
_y2014
700 1 _aP. A., Jayan
_cDr.
_eGuide
904 _aReshma_R
942 _cTH